| 000 | 00838cam a22002177a 4500 | ||
|---|---|---|---|
| 003 | OSt | ||
| 005 | 20170502163742.0 | ||
| 008 | 170502s1999 fr a b 000 0 fre d | ||
| 020 | _a2717839399 | ||
| 040 |
_aDLC _cCDMR _bcat |
||
| 245 | 0 | 2 |
_aL'arsenal de la démocratie _b: médias, déontologie et M*A*R*S / _c[directeur de l'ouvrage] Claude-Jean Bertrand ; [collaborateurs, Donna Allen ... et al.]. |
| 260 |
_aParis : _bEconomica, _cc1999. |
||
| 300 |
_aviii, 372 p. : _bill. ; _c24 cm. |
||
| 504 | _aInclou referències bibliogràfiques (p. [353]-363). | ||
| 650 | 0 | 4 |
_aMitjans de comunicació de massa _xAspectes morals i ètics _9405 |
| 650 | 0 | 4 |
_aMitjans de comunicació de massa _9405 _xCrítica |
| 650 | 0 | 4 |
_aLlibertat d'informació _91574 |
| 700 | 1 |
_aBertrand, Claude-Jean _91898 |
|
| 700 | 1 |
_aAllen, Donna, _d1920-1999. |
|
| 942 | _cMON | ||
| 999 |
_c7027 _d7027 |
||